2917-川西市(兵庫県)の駅 - Statistics

General Stats
  • This quiz has been taken 33 times
  • The average score is 12 of 13
Answer Stats
Answer % Correct
川西池田
100%
川西能勢口
100%
山下
100%
雲雀丘花屋敷
95%
平野
95%
多田
90%
一の鳥居
90%
畦野
90%
絹延橋
86%
笹部
86%
鶯の森
81%
鼓滝
81%
滝山
76%
No matching quizzes found
Score Distribution
Percent of People with Each Score
Percentile by Number Answered
Your Score History
You have not taken this quiz